000 00473nam a2200181Ia 4500
001 16376
003 IN-NITTTR
005 20251114233154.0
008 251113s9999||||xx |||||||||||||| ||eng||
040 _beng
040 _cIN-NITTTR
041 _aeng
082 _a004 L621M
100 _aLiebowitz, Burt H.
245 0 _aMultiple processor systems for real-time applications. /
_cLiebowitz, Burt H., Carson, John H.
700 _a Carson, John H.
942 _2ddc
_cBK
999 _c19010
_d19010